000 00808nam a22002417a 4500
003 BPGM
005 20260630202956.0
008 260630e2012 mx o|||gr||||s000 0 spa d
020 _a978-607-7906-17-9
040 _aBPGM
_bspa
041 _aSPA
_hSPA
082 0 4 _a709.7245
_bC37
100 _aISLA ESTRADA AUGUSTO
_eCOORDINADOR GENERAL
245 _aCATÁLOGO CIEN AÑOS DE ARTE EN QUERÉTARO
_bCATÁLOGO DE ARTISTAS QUERETANOS
260 _aQUERÉTARO
_bINSTITUTO QUERETANO DE LA CULTURA Y LAS ARTES
300 _a19 páginas
_c27.9 cm x 21.4 cm.
336 _2rdacontent
_atexto
_btxt
337 _2rdamedia
_asin mediación
_bn
338 _2rdacarrier
_avolumen
_bnc
650 _aTRATAMIENTO HISTORICO, GEOGRAFICO DE PERSONAS
650 _aLAS BELLAS ARTES Y ARTES DECORATIVAS
942 _2ddc
_cCOLQ
999 _c68723
_d68723